Hauts-de-France : Les 50 villes les plus peuplées - Statistiques

Statistiques générales
  • Ce quiz a été pris 99 fois
  • Le résultat moyen est 26 sur 50
Statistiques - réponses
Département Nombre d'habitant Ville % Correct
59 236 710 LIlle
100%
59 86 788 Dunkerque
97%
80 133 625 Amiens
95%
62 67 380 Calais
94%
62 42 600 Arras
92%
62 32 618 Lens
91%
59 98 892 Roubaix
90%
59 99 011 Tourcoing
88%
59 42 991 Valenciennes
85%
60 56 677 Beauvais
82%
62 40 910 Boulogne-sur-Mer
81%
59 62 067 Villeneuve-d'Ascq
77%
02 52 958 Saint-Quentin
75%
59 39 648 Douai
73%
60 40 394 Compiègne
72%
02 24 021 Laon
70%
80 22 595 Abbeville
66%
59 31 425 Cambrai
64%
59 29 066 Maubeuge
64%
62 24 992 Béthune
60%
62 30 149 Liévin
58%
02 28 705 Soissons
56%
60 36 106 Creil
53%
59 39 356 Marcq-en-Baroeul
51%
59 25 581 Armentières
50%
62 26 035 Hénin-Beaumont
50%
02 15 204 Château-Thierry
44%
59 21 498 Hazebrouck
44%
60 15 255 Senlis
39%
59 40 836 Wattrelos
38%
59 23 013 Loos
34%
59 20 640 Denain
33%
59 21 467 Mons-en-baroeul
33%
62 21 827 Bruay-la-Buissière
31%
59 20 778 Croix
31%
59 20 331 Grande-Synthe
31%
59 27 121 Lambersart
28%
59 20 836 Wasquehal
28%
59 19 437 Ronchin
27%
59 22 488 La madeleine
26%
62 17 852 Carvin
24%
59 18 110 Faches-Thumesnil
24%
59 20 765 Coudekerque-Branche
23%
59 18 713 Hem
23%
60 21 382 Nogent-sur-oise
22%
59 15 980 Saint-Amand-les-Eaux
22%
62 17 672 Avion
18%
59 20 829 Halluin
18%
59 15 603 Sin-le-Noble
16%
59 15 531 Wattignies
14%
Aucun quiz correspondant
Distribution des résultats
% des personnes avec chaque résultat
Percentile par nombre de réponses
Votre historique - résultats
Vous n’avez pas pris ce quiz